000
00284nam a22001337a 4500
008
171201b xxu||||| |||| 00| 0 eng d
020
_a
x000v04l05
041
_a
eng
080
_a
32
100
_a
19
101
_a
SHP
245
_a
LEARNING TO BE WHITE
_c
THANDEKA
942
_2
udc
_c
BK
999
_c
38690
_d
38690